000 01399nam a22003137a 4500
003 PE SENCICO BE
005 20251020182648.0
008 240105b |||||||| |||| 00| 0 eng d
040 _aPE SENCICO BE
_cPE SENCICO BE
041 _aspa
084 _aI
_aDIS
_a2018
_bA93
100 1 _91841
_aAyala Picho, Edith Edelivid
_eautor
245 1 _aLa antropometría y la ergonomía en espacios interiores /
_cEdith Edelivid Ayala Picho
246 _1Estudio y propuesta de muebles ergonómicos para oficina
260 _aLima :
_c2018
300 _a2 v. :
_bil. col., diagrs., tabls. ;
_c30 cm.
500 _aTexto en dos volúmenes. El volumen 2 contiene planos (30 x 40 cm.).
502 _aMonografía de Titulación.-- Servicio Nacional de Capacitación para la Industria de la Construcción. Escuela Superior Técnica. Carrera Profesional Técnica en Diseño de Interiores, 2018
504 _av. 1. La antropometría y la ergonomía en espacios interiores -- v. 2. Estudio y propuesta de muebles ergonómicos para oficina
650 1 0 _944
_aDiseño de interiores
650 2 0 _91800
_aAntropometría
650 2 0 _9349
_aErgonomía
650 2 0 _99
_aEspacios interiores
650 2 0 _9615
_aPlanos
650 2 0 _9239
_aMuebles
710 1 _aServicio Nacional de Capacitación para la Industria de la Construcción.
_bEscuela Superior Técnica
_91065
910 _bhfp
_chfp
942 _cMON
999 _c4477
_d4477